[Event "Paris op"]
[Site "Paris"]
[Date "1996.??.??"]
[Round "7"]
[White "Shchekachev, Andrei"]
[Black "Dizdar, Goran"]
[Result "1-0"]
[WhiteElo "2500"]
[BlackElo "2525"]
[PlyCount "71"]
[EventDate "1996.04.??"]
[Source "www.chesslib.no"]
[SourceDate "2004.05.04"]

1. c4 e6 2. Nf3 d5 3. d4 Nf6 4. Nc3 Bb4 5. e3 O-O 6. Bd3 c5 7. O-O Nc6 8. a3 Ba5 9. cxd5 exd5 10. dxc5 Bxc3 11. bxc3 Bg4 12. c4 Ne5 13. cxd5 Bxf3 14. gxf3 Qxd5 15. Be2 Qxc5 16. Bb2 Rad8 17. Bd4 Qc8 18. Qb1 Rfe8 19. f4 Rxd4 20. exd4 Nc6 21. Bf3 Nxd4 22. Qxb7 Qf5 23. Rae1 Rf8 24. Bg2 Qxf4 25. Qe7 Nc2 26. Rd1 Ng4 27. Qh4 Nd4 28. Rxd4 Qxd4 29. h3 h5 30. hxg4 hxg4 31. Re1 Rc8 32. Be4 g6 33. Qxg4 Rc2 34. Qg2 Rc7 35. Bxg6 Kf8 36. Bh7 1-0

[Event "Kusadasi TUR"]
[Site "?"]
[Date "2006.04.06"]
[Round "3"]
[White "Hillarp Persson Tiger"]
[Black "Pashikian Arman"]
[Result "0-1"]
[WhiteElo "2548"]
[BlackElo "2472"]
[PlyCount "120"]
[EventDate "2006.??.??"]
[Source "www.chesslib.no"]
[SourceDate "2004.05.04"]

1. d4 Nf6 2. c4 e6 3. Nc3 Bb4 4. e3 c5 5. Bd3 d5 6. Nf3 O-O 7. O-O Nc6 8. a3 Ba5 9. h3 dxc4 10. Bxc4 cxd4 11. exd4 Bb6 12. Be3 h6 13. Qd3 Bd7 14. Rad1 Ne7 15. Ne5 Bc6 16. Ba2 Ned5 17. Bb1 Nxc3 18. Nxc6 Qd6 19. bxc3 Qxc6 20. c4 Rfd8 21. Qb3 Rac8 22. Bd3 Bc7 23. Rfe1 b6 24. Be2 Bb8 25. Rc1 Rxd4 26. Bxd4 Qd6 27. Bf3 Qxd4 28. c5 Rxc5 29. Rcd1 Qf4 30. Rd8+ Kh7 31. Qd3+ g6 32. g3 Qc7 33. Rd4 Rc3 34. Qe2 Rxa3 35. Rc4 Qd6 36. Kg2 Rd3 37. Rc6 Qd4 38. Rd1 Rxd1 39. Qxd1 Qxd1 40. Bxd1 g5 41. Kf3 Be5 42. Ba4 Kg7 43. Rc8 a5 44. Ra8 Bd4 45. Bc6 h5 46. g4 hxg4+ 47. hxg4 Bc5 48. Ra7 Ng8 49. Ke2 Ne7 50. Be8 f5 51. f3 Kf6 52. Bb5 Ke5 53. Ra8 Nd5 54. Bc4 Nf6 55. gxf5 exf5 56. Bd3 Kf4 57. Kf1 Nd5 58. Ra7 Kxf3 59. Rf7 Ne3+ 60. Kg1 a4 0-1

[Event "Netanya-A"]
[Site "Netanya"]
[Date "1973.??.??"]
[Round "9"]
[White "Kraidman, Yair"]
[Black "Reshevsky, Samuel Herman"]
[Result "1/2-1/2"]
[WhiteElo "2455"]
[BlackElo "2565"]
[PlyCount "40"]
[EventDate "1973.??.??"]
[Source "ChessBase"]

1. c4 Nf6 2. d4 e6 3. Nc3 Bb4 4. e3 O-O 5. Bd3 d5 6. Nf3 c5 7. O-O Nc6 8. Ne2 dxc4 9. Bxc4 cxd4 10. Nexd4 Bd7 11. a3 Be7 12. b4 Rc8 13. Bd3 Nxd4 14. Nxd4 Bc6 15. Nxc6 Rxc6 16. Qe2 Nd5 17. Bb2 Nc3 18. Qc2 Ne4 19. Qe2 Nc3 20. Qc2 Ne4 1/2-1/2

[Event "URS Ch sf"]
[Site "Perm RUS"]
[Date "1971.??.??"]
[Round "?"]
[White "Grigoryan, Karen A"]
[Black "Krogius, Nikolai V"]
[Result "1/2-1/2"]
[WhiteElo "2430"]
[BlackElo "2580"]
[PlyCount "127"]
[EventDate "1971.??.??"]
[Source "www.chesslib.no"]
[SourceDate "2004.05.04"]

1. d4 Nf6 2. c4 e6 3. Nc3 Bb4 4. e3 O-O 5. Bd3 c5 6. Nf3 d5 7. O-O Nc6 8. a3 Ba5 9. h3 cxd4 10. exd4 dxc4 11. Bxc4 Bb6 12. Be3 h6 13. Qd3 Ne7 14. Bb3 Bd7 15. Ne5 Bc6 16. Rad1 Ned5 17. Bc2 Nxc3 18. Nxc6 Ne2+ 19. Qxe2 bxc6 20. Bf4 Bc7 21. Be5 Nd5 22. Qe4 g6 23. Rd3 f5 24. Qe2 Bxe5 25. Qxe5 Qf6 26. Ba4 Qxe5 27. dxe5 c5 28. Rc1 Rac8 29. Bd7 Nf4 30. Rd2 Rc7 31. Kh2 Kf7 32. Rd6 Ke7 33. Rcd1 Rd8 34. Bc6 Rdc8 35. Bb5 c4 36. Ba6 Rb8 37. R1d4 g5 38. g3 Ng6 39. Rxc4 Nxe5 40. Rxc7+ Kxd6 41. Rc2 Nf3+ 42. Kh1 Rb6 43. Be2 Nd4 44. Rd2 e5 45. Bd3 Nf3 46. Rd1 Rxb2 47. Bxf5+ Nd4 48. Kg2 a5 49. Bg6 Rb3 50. h4 gxh4 51. Rh1 hxg3 52. Rxh6 Rxa3 53. Be4+ Ke7 54. fxg3 Re3 55. Bh7 a4 56. Ra6 a3 57. g4 Ne6 58. Bf5 Nf4+ 59. Kf2 Rb3 60. g5 e4 61. Bxe4 Nh3+ 62. Ke2 Nxg5 63. Bc2 Rg3 64. Bd3 1/2-1/2

[Event "JUG-ch"]
[Site "JUG"]
[Date "1989.??.??"]
[Round "?"]
[White "Djuric, Stefan"]
[Black "Ivanovic, Bozidar"]
[Result "0-1"]
[WhiteElo "2475"]
[BlackElo "2530"]
[PlyCount "80"]
[EventDate "1989.02.??"]
[Source "ChessBase"]

1. d4 Nf6 2. c4 e6 3. Nc3 Bb4 4. e3 c5 5. Bd3 d5 6. Nf3 Nc6 7. O-O O-O 8. a3 Ba5 9. h3 Qe7 10. Qc2 dxc4 11. Bxc4 Rd8 12. Rd1 a6 13. Bd3 cxd4 14. exd4 h6 15. Be3 Bd7 16. Rac1 Be8 17. Qb3 Bc7 18. Re1 Rac8 19. Bf1 b5 20. Qa2 Bb8 21. g3 Ba7 22. Bg2 b4 23. axb4 Nxb4 24. Qa3 Bc6 25. Na2 Nfd5 26. Nxb4 Nxb4 27. Rc4 Nd5 28. Qxa6 Bb7 29. Qa2 Nxe3 30. Rxc8 Nxg2 31. Rxd8+ Qxd8 32. Kxg2 Qxd4 33. b3 g5 34. Qe2 h5 35. Rd1 g4 36. Kg1 gxf3 37. Qc2 Qe5 38. Kh2 Qe2 39. Rd2 Qe5 40. Rd7 h4 0-1

[Event "Kusadasi TUR"]
[Site "?"]
[Date "2006.04.05"]
[Round "2"]
[White "Iotov Valentine"]
[Black "Pelletier Yannick"]
[Result "1/2-1/2"]
[WhiteElo "2420"]
[BlackElo "2579"]
[PlyCount "32"]
[EventDate "2006.??.??"]
[Source "www.chesslib.no"]
[SourceDate "2004.05.04"]

1. d4 Nf6 2. c4 e6 3. Nc3 Bb4 4. e3 O-O 5. Bd3 c5 6. Nf3 d5 7. O-O Nc6 8. a3 Ba5 9. Ne5 cxd4 10. exd4 Nxd4 11. Bxh7+ Nxh7 12. Qxd4 dxc4 13. Qxc4 Qc7 14. Bf4 Qxc4 15. Nxc4 Bxc3 16. bxc3 Bd7 1/2-1/2

[Event "Amsterdam m1"]
[Site "?"]
[Date "2005.07.17"]
[Round "2"]
[White "Dambacher Martyn"]
[Black "Khenkin Igor"]
[Result "1/2-1/2"]
[WhiteElo "2388"]
[BlackElo "2610"]
[PlyCount "108"]
[EventDate "2005.??.??"]
[Source "www.chesslib.no"]
[SourceDate "2004.05.04"]

1. d4 Nf6 2. c4 e6 3. Nc3 Bb4 4. e3 O-O 5. Bd3 d5 6. Nf3 c5 7. O-O Nc6 8. a3 Ba5 9. Ne2 dxc4 10. Bxc4 cxd4 11. exd4 h6 12. Bf4 Bc7 13. Qd2 Bxf4 14. Nxf4 b6 15. d5 exd5 16. Nxd5 Na5 17. Ba2 Bb7 18. Rfd1 Bxd5 19. Bxd5 Nxd5 20. Qxd5 Qxd5 21. Rxd5 Rfd8 22. Rxd8+ Rxd8 23. Kf1 Nb3 24. Re1 Kf8 25. Re3 Nc1 26. Rc3 Rd1+ 27. Ne1 Ke8 28. Rc7 a5 29. Rb7 Rd6 30. Rc7 Nb3 31. Nf3 Nd2+ 32. Ke2 Nxf3 33. gxf3 Rd5 34. Rc4 Kd7 35. b4 axb4 36. Rxb4 Kc6 37. a4 Kb7 38. Re4 Ka6 39. Re7 Rf5 40. h4 Rf4 41. h5 Rf6 42. Rc7 g6 43. hxg6 fxg6 44. Ke3 g5 45. Rh7 Ka5 46. Ra7+ Kb4 47. Ra6 Kc5 48. Ke2 Rd6 49. Kf1 Rd1+ 50. Kg2 Ra1 51. Ra8 Ra3 52. Rc8+ Kd5 53. Rd8+ Kc6 54. Rc8+ Kd5 1/2-1/2

[Event "otb"]
[Site "otb"]
[Date "2007.01.19"]
[Round "5"]
[White "Babula Vlastimil"]
[Black "Schmittdiel Eckhard"]
[Result "1-0"]
[WhiteElo "2584"]
[BlackElo "2413"]
[PlyCount "71"]
[Source "www.chesslib.no"]
[SourceDate "2004.05.04"]

1. d4 e6 2. c4 Nf6 3. Nc3 Bb4 4. e3 O-O 5. Bd3 c5 6. Nf3 d5 7. O-O Nc6 8. cxd5 exd5 9. dxc5 Bxc5 10. b3 Bg4 11. Bb2 Qe7 12. Rc1 Rad8 13. Na4 Bd6 14. Be2 Ne4 15. h3 Bc8 16. Nd4 Qg5 17. Bg4 f5 18. f4 Qh6 19. Bf3 Be7 20. Nxc6 bxc6 21. Qc2 Ba6 22. Rfd1 Bb5 23. Bxe4 fxe4 24. Nc5 Rd6 25. a4 Bd3 26. Nxd3 exd3 27. Rxd3 Rg6 28. Rc3 c5 29. Rd1 d4 30. exd4 Qxf4 31. dxc5 Kh8 32. Qe2 Qg5 33. b4 a5 34. Re3 Bd8 35. Re5 Qh4 36. Re8 1-0

[Event "Solin"]
[Site "Solin"]
[Date "1998.??.??"]
[Round "9"]
[White "Giorgadze, Giorgi"]
[Black "Ljubicic, Filip"]
[Result "1-0"]
[WhiteElo "2605"]
[BlackElo "2385"]
[PlyCount "89"]
[EventDate "1998.??.??"]
[Source "www.chesslib.no"]
[SourceDate "2004.05.04"]

1. d4 Nf6 2. c4 e6 3. Nc3 Bb4 4. e3 O-O 5. Bd3 d5 6. Nf3 c5 7. O-O Nc6 8. a3 cxd4 9. axb4 dxc3 10. bxc3 e5 11. cxd5 e4 12. Bxe4 Nxe4 13. dxc6 Qxd1 14. Rxd1 Nxc3 15. cxb7 Bxb7 16. Rd2 Nd5 17. Rb2 Rfc8 18. Bd2 a6 19. Nd4 Nb6 20. Rba2 f6 21. f3 Nc4 22. Kf2 Rab8 23. Be1 Ne5 24. Ra3 Rc4 25. Rd1 Rd8 26. Raa1 h5 27. h4 Nc6 28. Nf5 Rc2+ 29. Kg3 Rxd1 30. Rxd1 Bc8 31. Nd6 Be6 32. Ne4 Ne7 33. Rd2 Rc1 34. Bf2 Rb1 35. Rd8+ Kh7 36. Re8 Nf5+ 37. Kf4 Bd7 38. Rd8 Be6 39. Re8 Bd7 40. Rd8 Be6 41. Nc5 Rxb4+ 42. e4 g5+ 43. hxg5 fxg5+ 44. Ke5 Ne7 45. Kxe6 1-0

[Event "Olympiad"]
[Site "?"]
[Date "2002.10.28"]
[Round "3"]
[White "Vaisser Anatoli"]
[Black "Soltanici Ruslan"]
[Result "1-0"]
[WhiteElo "2581"]
[BlackElo "2408"]
[PlyCount "85"]
[EventDate "2002.??.??"]
[Source "www.chesslib.no"]
[SourceDate "2004.05.04"]

1. d4 Nf6 2. c4 e6 3. Nc3 Bb4 4. e3 O-O 5. Bd3 d5 6. Nf3 c5 7. O-O Nc6 8. cxd5 exd5 9. dxc5 Bxc5 10. b3 Bg4 11. Bb2 a6 12. Be2 Re8 13. h3 Bf5 14. Na4 Ba7 15. Nd4 Bg6 16. Nxc6 bxc6 17. Bd4 Bb8 18. Rc1 Qd6 19. f4 Ne4 20. Bf3 Ng3 21. Re1 Ba7 22. Bxa7 Rxa7 23. Qd4 Rae7 24. Qc5 Qxc5 25. Rxc5 Bd3 26. Rxc6 d4 27. Kf2 Nf5 28. e4 Bb5 29. Rc5 Ne3 30. Nb2 f6 31. Nd1 Rd8 32. a4 Nxd1+ 33. Rxd1 Be8 34. Rd5 Rb8 35. R1xd4 Rxb3 36. Rd6 a5 37. Ra6 Rb4 38. Rxb4 axb4 39. a5 Rc7 40. Rb6 Rc2+ 41. Be2 Bc6 42. Rxb4 Kf8 43. Rc4 1-0

[Event "JUG-ch"]
[Site "Umag"]
[Date "1972.??.??"]
[Round "6"]
[White "Cvetkovic, Srdjan"]
[Black "Ivkov, Borislav"]
[Result "1/2-1/2"]
[WhiteElo "2460"]
[BlackElo "2520"]
[PlyCount "40"]
[EventDate "1972.??.??"]
[Source "ChessBase"]

1. d4 Nf6 2. c4 e6 3. Nc3 Bb4 4. e3 O-O 5. Bd3 d5 6. Nf3 c5 7. O-O dxc4 8. Bxc4 Nc6 9. a3 Ba5 10. Qd3 a6 11. Ne4 b5 12. Nxf6+ Qxf6 13. Qe4 Bb7 14. Bd3 g6 15. dxc5 Rfd8 16. Be2 b4 17. Qc2 bxa3 18. Rxa3 Bb4 19. Ra4 a5 20. b3 Qe7 1/2-1/2

[Event "URS-ch sf"]
[Site "Tbilisi"]
[Date "1973.??.??"]
[Round "14"]
[White "Podgaets, Mikhail"]
[Black "Osnos, Viatcheslav"]
[Result "1-0"]
[WhiteElo "2465"]
[BlackElo "2510"]
[PlyCount "80"]
[EventDate "1973.??.??"]
[Source "ChessBase"]

1. d4 Nf6 2. c4 e6 3. Nc3 Bb4 4. e3 O-O 5. Bd3 d5 6. Nf3 c5 7. O-O dxc4 8. Bxc4 Nc6 9. a3 Ba5 10. Na4 cxd4 11. exd4 h6 12. b4 Bc7 13. Bb2 b6 14. Qe2 Ne7 15. Ne5 Bb7 16. Rac1 Ned5 17. g3 Rc8 18. Nc3 Nxc3 19. Rxc3 Nd5 20. Rc2 Bd6 21. Rfc1 Qe7 22. Bd3 Rxc2 23. Qxc2 Bxe5 24. dxe5 Qg5 25. h4 Qg4 26. Qe2 Qxe2 27. Bxe2 g6 28. h5 g5 29. Kf1 Rc8 30. Rxc8+ Bxc8 31. Ke1 Bb7 32. Kd2 a6 33. Bd4 Kf8 34. Bf3 Ke8 35. Bxb6 Bc6 36. Bxd5 Bxd5 37. Ke3 Bb3 38. Bc5 Bd1 39. f3 f5 40. exf6 Kf7 1-0

[Event "Skanska Open"]
[Site "Pardubice"]
[Date "2004.07.28"]
[Round "6"]
[White "Korobov, Anton"]
[Black "Kristjansson, Stefan"]
[Result "1-0"]
[WhiteElo "2565"]
[BlackElo "2410"]
[PlyCount "77"]
[EventDate "2004.07.23"]
[Source "Roberto Alvarez"]
[SourceDate "2004.08.10"]

1. d4 Nf6 2. c4 e6 3. Nc3 Bb4 4. e3 O-O 5. Bd3 c5 6. Nf3 d5 7. O-O Nc6 8. a3 Ba5 9. Ne2 cxd4 10. exd4 dxc4 11. Bxc4 Bc7 12. Ng3 h6 13. Re1 Bb6 14. Be3 Ng4 15. Ba2 Nxe3 16. fxe3 Bc7 17. Ne4 b6 18. d5 exd5 19. Bxd5 Bb7 20. Rc1 Na5 21. Nc3 Rc8 22. Bxb7 Nxb7 23. e4 Bf4 24. Rb1 Qxd1 25. Rbxd1 Rfe8 26. e5 Nc5 27. g3 Bg5 28. Nb5 Rcd8 29. Nd6 Re6 30. b4 Na4 31. h4 Bf6 32. Nc4 b5 33. Rxd8+ Bxd8 34. Nd6 a6 35. Rc1 Bb6+ 36. Kg2 f6 37. Rc8+ Kh7 38. h5 g5 39. Ne4 1-0

[Event "Mitropa Cup"]
[Site "Zemplinska Sirava"]
[Date "2004.05.31"]
[Round "3.2"]
[White "Braun, Arik"]
[Black "Horvath, Adam"]
[Result "1/2-1/2"]
[WhiteElo "2455"]
[BlackElo "2517"]
[PlyCount "97"]
[EventDate "2004.05.29"]
[Source "Roberto Alvarez"]
[SourceDate "2004.06.07"]

1. d4 Nf6 2. c4 e6 3. Nc3 Bb4 4. e3 c5 5. Bd3 O-O 6. Nf3 Nc6 7. O-O d5 8. a3 Ba5 9. h3 Qe7 10. Qe2 dxc4 11. Bxc4 a6 12. dxc5 Bxc3 13. bxc3 Ne4 14. a4 Nxc5 15. Ba3 Na5 16. Bd3 Bd7 17. Ne5 Rfc8 18. Bb4 Nab3 19. Rab1 Bxa4 20. Bc2 Qc7 21. f4 a5 22. Ba3 b5 23. Nf3 h6 24. g4 Rab8 25. g5 hxg5 26. Nxg5 g6 27. Qf2 Rd8 28. Qh4 f6 29. Nxe6 Nxe6 30. Qxf6 Nbc5 31. Bxg6 Qg7 32. Qxg7+ Kxg7 33. f5 Ne4 34. fxe6 Kxg6 35. e7 Rg8 36. Kh2 Nxc3 37. Rb2 b4 38. Rg2+ Kh7 39. Rf7+ Kh8 40. Rgf2 bxa3 41. R2f6 Rg7 42. Rh6+ Kg8 43. Rf8+ Rxf8 44. Rh8+ Kxh8 45. exf8=Q+ Kh7 46. Qf5+ Kg8 47. Qc8+ Kh7 48. Qxc3 a2 49. h4 1/2-1/2

[Event "Reykjavik zt 1.3"]
[Site "Reykjavik"]
[Date "2000.09.06"]
[Round "1.2"]
[White "Johannessen, Leif Erlend"]
[Black "Petursson, Margeir"]
[Result "0-1"]
[WhiteElo "2422"]
[BlackElo "2544"]
[PlyCount "64"]
[EventDate "2000.09.05"]
[Source "ChessBase"]
[SourceDate "2000.11.21"]

1. d4 Nf6 2. c4 e6 3. Nc3 Bb4 4. e3 O-O 5. Bd3 d5 6. Nf3 c5 7. O-O Nc6 8. a3 Ba5 9. Na4 dxc4 10. Bxc4 cxd4 11. exd4 Qd6 12. b4 Bc7 13. Nc3 Bb6 14. Be3 Bd7 15. Qd2 Rfc8 16. Ba2 Be8 17. Rad1 Ne7 18. Bg5 Ned5 19. Bxf6 Nxf6 20. d5 exd5 21. Nxd5 Rd8 22. Qg5 Nxd5 23. Bxd5 Kf8 24. Qf5 g6 25. Qg5 Kg7 26. Nh4 Qf6 27. Qxf6+ Kxf6 28. Bxb7 Rab8 29. Bd5 Ba4 30. Rd3 Bb5 31. Rf3+ Kg5 32. Rd1 Kxh4 0-1

[Event "SUI-chT"]
[Site "Biel/Luzern/Zuerich/Bern"]
[Date "2004.02.29"]
[Round "1.2"]
[White "Sutter, Oliver"]
[Black "Renet, Olivier"]
[Result "0-1"]
[WhiteElo "2390"]
[BlackElo "2573"]
[PlyCount "71"]
[EventDate "2004.02.29"]
[Source "Roberto Alvarez"]
[SourceDate "2004.06.07"]

1. d4 Nf6 2. c4 e6 3. Nc3 Bb4 4. e3 O-O 5. Bd3 c5 6. Nf3 d5 7. O-O dxc4 8. Bxc4 Nc6 9. a3 Ba5 10. Bd3 a6 11. dxc5 Bxc3 12. bxc3 Qd5 13. c4 Qxc5 14. Bb2 e5 15. Qc2 h6 16. Nd2 Be6 17. Nb3 Qb6 18. Rab1 Rad8 19. Ba1 Rfe8 20. Nd4 Qc7 21. Nxe6 Rxe6 22. Bf5 Re7 23. Bc3 Ne8 24. Be4 Nd6 25. Bd5 b5 26. c5 Nb7 27. Bf3 Nxc5 28. Ba1 Na5 29. Rfd1 Nc4 30. Rxd8+ Qxd8 31. Rd1 Rd7 32. Rxd7 Qxd7 33. Be2 Qd5 34. Qf5 Ne6 35. h4 Nxa3 36. h5 0-1

[Event "Sarajevo"]
[Site "Sarajevo BIH"]
[Date "1971.??.??"]
[Round "12"]
[White "Bobotsov, Milko G"]
[Black "Lengyel, Levente"]
[Result "1/2-1/2"]
[WhiteElo "2470"]
[BlackElo "2490"]
[PlyCount "41"]
[EventDate "1971.??.??"]
[Source "www.chesslib.no"]
[SourceDate "2004.05.04"]

1. c4 Nf6 2. Nc3 e6 3. d4 Bb4 4. e3 O-O 5. Nf3 c5 6. Bd3 d5 7. O-O Nc6 8. a3 dxc4 9. Bxc4 Ba5 10. Qd3 a6 11. Rd1 b5 12. Ba2 Bb6 13. Ne4 c4 14. Qc2 Bb7 15. Ng3 Rc8 16. Qe2 Qc7 17. e4 e5 18. Be3 exd4 19. Nxd4 Nxd4 20. Bxd4 Bxd4 21. Rxd4 1/2-1/2

[Event "URS Ch sf"]
[Site "Riga LAT"]
[Date "1972.??.??"]
[Round "?"]
[White "Podgaets, Mikhail"]
[Black "Anikaev, Yuri N"]
[Result "1-0"]
[WhiteElo "2485"]
[BlackElo "2475"]
[PlyCount "97"]
[EventDate "1972.??.??"]
[Source "www.chesslib.no"]
[SourceDate "2004.05.04"]

1. d4 Nf6 2. c4 e6 3. Nc3 Bb4 4. e3 c5 5. Bd3 Nc6 6. Nf3 d5 7. O-O O-O 8. a3 dxc4 9. Bxc4 Ba5 10. Bd3 cxd4 11. exd4 Bb6 12. Be3 h6 13. Bc2 Ne7 14. Ne5 Nc6 15. Nxc6 bxc6 16. Qf3 Nd5 17. Qe4 f5 18. Qd3 a5 19. Bb3 Ba6 20. Bc4 Bxc4 21. Qxc4 Qd7 22. Na4 Bc7 23. Nc5 Qd6 24. g3 Qe7 25. Rae1 Bd6 26. Nd3 Qd7 27. Bd2 Rfe8 28. Rc1 Rec8 29. a4 Qb7 30. Rfe1 Kh7 31. Qc2 Qb6 32. Bc3 Re8 33. Qe2 g6 34. Bd2 h5 35. Rc4 Qa6 36. Rec1 Rec8 37. Bg5 Rab8 38. Ne5 Bxe5 39. Qxe5 Rxb2 40. Qd6 Qb7 41. Rxc6 Rxc6 42. Rxc6 Re2 43. Kf1 Re4 44. h4 Kg7 45. Rc5 f4 46. Rb5 Qf7 47. Qb8 Nf6 48. Rb7 Nd7 49. Qd6 1-0

[Event "Havana-B"]
[Site "Havana"]
[Date "1983.??.??"]
[Round "12"]
[White "Rivas Pastor, Manuel"]
[Black "Nogueiras, Jesus"]
[Result "1/2-1/2"]
[WhiteElo "2465"]
[BlackElo "2490"]
[PlyCount "67"]
[EventDate "1983.??.??"]
[Source "ChessBase"]

1. d4 Nf6 2. c4 e6 3. Nf3 d5 4. Nc3 Bb4 5. e3 O-O 6. Bd3 c5 7. O-O Nc6 8. a3 Ba5 9. dxc5 Bxc3 10. bxc3 e5 11. Nd2 Bg4 12. Qa4 d4 13. Ne4 Nd7 14. exd4 exd4 15. Qc2 f5 16. Ng3 f4 17. Ne4 f3 18. g3 Qe8 19. Bb2 Nce5 20. cxd4 Nxd3 21. Qxd3 Qg6 22. c6 bxc6 23. Rfe1 Rab8 24. Bc3 Rb3 25. Re3 Bf5 26. Qd1 Bxe4 27. Qxb3 Qf5 28. Qd1 Nf6 29. d5 Ng4 30. Qd4 Nf6 31. Qd1 Ng4 32. Qd4 Nf6 33. Qd1 Ng4 34. Qd4 1/2-1/2

[Event "DSV-Turnier"]
[Site "Halle"]
[Date "1981.??.??"]
[Round "13"]
[White "Knaak, Rainer"]
[Black "Lechtynsky, Jiri"]
[Result "1/2-1/2"]
[WhiteElo "2495"]
[BlackElo "2455"]
[PlyCount "60"]
[EventDate "1981.06.??"]
[Source "ChessBase"]

1. d4 Nf6 2. c4 e6 3. Nc3 Bb4 4. e3 O-O 5. Bd3 d5 6. Nf3 c5 7. O-O dxc4 8. Bxc4 Nc6 9. a3 Ba5 10. Qd3 a6 11. Rd1 b5 12. Ba2 c4 13. Qe2 Qe8 14. e4 e5 15. d5 Nd4 16. Nxd4 exd4 17. Rxd4 Bb6 18. Be3 Ng4 19. e5 Qxe5 20. Rxg4 Bxg4 21. Qxg4 Bxe3 22. fxe3 Qxe3+ 23. Kf1 Rae8 24. Rd1 Re6 25. dxe6 fxe6+ 26. Qf3 Rxf3+ 27. gxf3 Qxf3+ 28. Kg1 Qg4+ 29. Kf2 Qf4+ 30. Kg2 Qg4+ 1/2-1/2

[Event "Havana-B"]
[Site "Havana"]
[Date "1985.??.??"]
[Round "1"]
[White "Garcia Palermo, Carlos"]
[Black "Garcia Martinez, Silvino"]
[Result "1-0"]
[WhiteElo "2520"]
[BlackElo "2430"]
[PlyCount "71"]
[EventDate "1985.05.??"]
[Source "ChessBase"]

1. d4 Nf6 2. c4 e6 3. Nc3 Bb4 4. e3 O-O 5. Bd3 c5 6. Nf3 d5 7. O-O dxc4 8. Bxc4 Nc6 9. a3 Ba5 10. Ba2 a6 11. Bb1 Qe7 12. Qc2 Bc7 13. Rd1 g6 14. dxc5 Qxc5 15. Nd5 Qxc2 16. Nxf6+ Kg7 17. Bxc2 Kxf6 18. b4 Ke7 19. Bb2 f6 20. Rac1 Bd7 21. Nd2 Rac8 22. Ne4 Be5 23. Nc5 Rc7 24. Bxe5 Nxe5 25. Be4 Rb8 26. f4 Nf7 27. Kf2 Nd6 28. Bf3 Rbc8 29. Rxd6 Kxd6 30. Bxb7 Rxc5 31. bxc5+ Rxc5 32. Rxc5 Kxc5 33. Bxa6 Bb5 34. Bxb5 Kxb5 35. e4 Ka4 36. f5 1-0

[Event "Moskva"]
[Site "?"]
[Date "1991.??.??"]
[Round "?"]
[White "Lempert, I."]
[Black "Ionov, S."]
[Result "1-0"]
[WhiteElo "2440"]
[BlackElo "2510"]
[PlyCount "79"]
[EventDate "1991.??.??"]
[Source "ChessBase"]
[SourceDate "1991.10.01"]

1. d4 Nf6 2. c4 e6 3. Nc3 Bb4 4. e3 O-O 5. Bd3 d5 6. Nf3 c5 7. O-O Nc6 8. cxd5 exd5 9. Ne5 Qd6 10. Nxc6 bxc6 11. f3 c4 12. Bc2 c5 13. Qe1 Bd7 14. Qh4 Rfe8 15. Bd2 Ba5 16. Rad1 Rab8 17. Bc1 h6 18. Kh1 Bd8 19. Qf2 Bc7 20. g4 cxd4 21. exd4 Nh7 22. Qg2 Bc6 23. Ne2 Nf8 24. Ng3 Qd7 25. Nh5 Bd8 26. f4 Ne6 27. g5 hxg5 28. fxg5 g6 29. Nf6+ Bxf6 30. gxf6 Nf8 31. Bf5 Qd6 32. Bg5 Nh7 33. Bxg6 fxg6 34. f7+ Kg7 35. Bf4 Qe6 36. Be5+ Kh6 37. fxe8=Q Rxe8 38. Rde1 Qd7 39. Re3 g5 40. Rh3+ 1-0

[Event "EtVas Vantaa GM"]
[Site "Myyrmanni"]
[Date "1999.07.27"]
[Round "8"]
[White "Tella, Jussi"]
[Black "Lugovoi, Aleksei"]
[Result "0-1"]
[WhiteElo "2434"]
[BlackElo "2509"]
[PlyCount "86"]
[EventDate "1999.07.20"]
[Source "ChessBase"]
[SourceDate "1999.10.01"]

1. d4 Nf6 2. c4 e6 3. Nc3 Bb4 4. e3 O-O 5. Bd3 d5 6. Nf3 c5 7. O-O Nc6 8. a3 Ba5 9. cxd5 exd5 10. dxc5 Bxc3 11. bxc3 Bg4 12. c4 Ne5 13. cxd5 Bxf3 14. gxf3 Qxd5 15. Be2 Qxc5 16. Bb2 Rad8 17. Bd4 Qc8 18. Qb1 Rfe8 19. Bxe5 Rxe5 20. f4 Rc5 21. Bf3 b6 22. Rd1 Rxd1+ 23. Qxd1 g6 24. Qd6 Kg7 25. Rd1 Qh3 26. Bg2 Qf5 27. h3 Qc2 28. Qd4 Ra5 29. Rd2 Qc1+ 30. Kh2 Rxa3 31. e4 Ra4 32. Qe3 Qc4 33. e5 Ne4 34. Bxe4 Qxe4 35. Qxe4 Rxe4 36. Kg3 Kf8 37. Rd7 a5 38. Rb7 Rb4 39. Kg4 h6 40. h4 a4 41. h5 g5 42. Kg3 gxf4+ 43. Kg4 Rb5 0-1

[Event "JUG Team Ch Cup"]
[Site "Becici"]
[Date "1994.??.??"]
[Round "?"]
[White "Raicevic, Vladimir"]
[Black "Abramovic, Bosko"]
[Result "1-0"]
[WhiteElo "2440"]
[BlackElo "2500"]
[PlyCount "77"]
[EventDate "1994.??.??"]
[Source "www.chesslib.no"]
[SourceDate "2004.05.04"]

1. d4 Nf6 2. c4 e6 3. Nc3 Bb4 4. e3 O-O 5. Bd3 d5 6. Nf3 c5 7. O-O Nc6 8. cxd5 exd5 9. Ne2 cxd4 10. Nexd4 Bg4 11. Qa4 Qd6 12. Bf5 Bxf5 13. Nxf5 Qd7 14. Ng3 Rac8 15. Rd1 Rfd8 16. Bd2 Bd6 17. Bc3 Bxg3 18. hxg3 Ne4 19. Rac1 Qf5 20. Be1 h5 21. Qb5 Rd7 22. Nd4 Qf6 23. Rc2 Rcc7 24. Ne2 Qf5 25. Qb3 a6 26. Nf4 d4 27. exd4 Rxd4 28. Rcc1 Rcd7 29. Rxd4 Nxd4 30. Qe3 h4 31. Rc4 hxg3 32. fxg3 Nxg3 33. Bxg3 Nc2 34. Qe2 Nd4 35. Qe8+ Kh7 36. Rc8 Nf3+ 37. gxf3 Rd3 38. Kf2 Rd2+ 39. Ke3 1-0

[Event "Stara Zagora zt-A"]
[Site "Stara Zagora"]
[Date "1990.??.??"]
[Round "12"]
[White "Lukacs, Peter"]
[Black "Lechtynsky, Jiri"]
[Result "1-0"]
[WhiteElo "2505"]
[BlackElo "2430"]
[PlyCount "85"]
[EventDate "1990.02.??"]
[Source "ChessBase"]

1. d4 Nf6 2. c4 e6 3. Nf3 d5 4. Nc3 Bb4 5. e3 O-O 6. Bd3 dxc4 7. Bxc4 c5 8. O-O Nc6 9. a3 Ba5 10. Ba2 a6 11. Bb1 Bb6 12. dxc5 Qxd1 13. Rxd1 Bxc5 14. b4 Be7 15. Bb2 b5 16. Ne4 Bb7 17. Nxf6+ gxf6 18. Rd7 Rfd8 19. Bxh7+ Kxh7 20. Rxb7 Kg7 21. g3 Rab8 22. Rxb8 Rxb8 23. Rc1 Rc8 24. Nd4 Na7 25. Rxc8 Nxc8 26. Nc6 Bd6 27. Bd4 e5 28. Bc5 e4 29. g4 f5 30. Nd4 Bxc5 31. Nxf5+ Kf6 32. bxc5 a5 33. Nd4 Na7 34. h4 b4 35. a4 Nc6 36. g5+ Kg6 37. Nb3 f6 38. gxf6 Kxf6 39. Kg2 Ke5 40. Kg3 Kd5 41. h5 Kc4 42. h6 Kxb3 43. h7 1-0

[Event "Portoroz"]
[Site "Portoroz"]
[Date "1987.??.??"]
[Round "?"]
[White "Jelen, Iztok"]
[Black "Dizdar, Goran"]
[Result "1-0"]
[WhiteElo "2430"]
[BlackElo "2505"]
[PlyCount "85"]
[EventDate "1987.06.??"]
[Source "ChessBase"]

1. d4 Nf6 2. c4 e6 3. Nc3 Bb4 4. e3 O-O 5. Bd3 d5 6. Nf3 c5 7. O-O Nc6 8. a3 Ba5 9. cxd5 exd5 10. dxc5 Bxc3 11. bxc3 Bg4 12. c4 Ne5 13. cxd5 Bxf3 14. gxf3 Qxd5 15. Be2 Qxc5 16. Bb2 Rad8 17. Bd4 Qc8 18. Qb1 Rfe8 19. f4 Qh3 20. Qxb7 Rd5 21. f3 Rxd4 22. exd4 Ng6 23. Bc4 Nxf4 24. Qxf7+ Kh8 25. Ra2 h5 26. Raf2 Qh4 27. Rb2 Re1 28. Qf8+ Kh7 29. Qb4 Re3 30. Kh1 Qh3 31. Rbf2 Qh4 32. Qb1+ Kh6 33. Qc1 Re8 34. d5 Rc8 35. Rc2 Qg5 36. Rg1 Qe5 37. Re1 Qf5 38. d6 g5 39. Qd2 Rd8 40. Qd4 Kg6 41. Rd2 g4 42. fxg4 hxg4 43. Bd3 1-0

[Event "Rome m"]
[Site "Rome ITA"]
[Date "1972.??.??"]
[Round "?"]
[White "Mariotti, Sergio"]
[Black "Tatai, Stefano"]
[Result "1/2-1/2"]
[WhiteElo "2470"]
[BlackElo "2460"]
[PlyCount "41"]
[EventDate "1972.??.??"]
[Source "www.chesslib.no"]
[SourceDate "2004.05.04"]

1. d4 Nf6 2. c4 e6 3. Nc3 Bb4 4. e3 c5 5. Bd3 O-O 6. Nf3 d5 7. O-O Nc6 8. a3 dxc4 9. Bxc4 Ba5 10. Ne2 Bb6 11. dxc5 Qxd1 12. Rxd1 Bxc5 13. b4 Be7 14. Nfd4 Bd7 15. Bb2 Nxd4 16. Nxd4 Rac8 17. Rac1 Rfd8 18. Bb3 Kf8 19. Rxc8 Rxc8 20. Rc1 Rxc1+ 21. Bxc1 1/2-1/2